| 000 | 00694nam a2200229 a 4500 | ||
|---|---|---|---|
| 001 | 55870 | ||
| 003 | BD-RJUL | ||
| 005 | 20211209080326.0 | ||
| 008 | 161122s1959 enk 000 1 und d | ||
| 035 | _a(BD-RJUL) | ||
| 040 |
_aEQO _cEQO _beng |
||
| 041 | _aeng | ||
| 082 |
_223 _a823 _bBUT 1959 |
||
| 100 | 1 |
_aBurroughs, Edgar Rice. _9166348 |
|
| 245 | 1 | 0 |
_aTarzan at the earth's core / _cEdgar Rice Burroughs |
| 260 |
_aLondon : _cLANDSBOROUGH PUBLICATIONS LIMITED, _b1959. |
||
| 300 |
_a188 p. ; _c19 cm. |
||
| 490 | _aA Four square books | ||
| 650 |
_aTarzan (Fictitious character) -- Fiction. _vTarzan (Fictitious character) _9166349 |
||
| 856 | _uA Four square books | ||
| 942 |
_2ddc _cBK |
||
| 999 |
_c55870 _d55870 |
||